Indonesia-the effect of past policies and president suharto's plans for the future

Đã lưu trong:
书目详细资料
主要作者: Thomas, K. D.
格式: 图书
语言:Undetermined
出版: CEDA 1973
主题:
标签: 添加标签
没有标签, 成为第一个标记此记录!
Thư viện lưu trữ: Trung tâm Học liệu Trường Đại học Cần Thơ
LEADER 00566nam a2200193Ia 4500
001 CTU_92629
008 210402s9999 xx 000 0 und d
082 |a 338.9598 
082 |b T454 
100 |a Thomas, K. D. 
245 0 |a Indonesia-the effect of past policies and president suharto's plans for the future 
245 0 |c K. D. Thomas 
260 |b CEDA 
260 |c 1973 
650 |a Indonesia,Indonesia 
650 |x Economic policy,Economic conditions 
650 |y 1945- 
904 |i Tuyến 
980 |a Trung tâm Học liệu Trường Đại học Cần Thơ